Statistics for Lil Pump Charting Songs (Billboard Hot 100)

Click here to take the quiz!

General Stats

  • This quiz has been taken 33 times
  • The average score is 5 of 9

Answer Stats

AlbumWeeks OnPeakArtist(s)Song% Correct
Lil Pump24 Weeks#3Lil PumpGucci Gang
92%
Harverd Dropout12 Weeks#6Kanye West & Lil PumpI Love It
92%
Deadpool 24 Weeks#78Diplo, French Montana & Lil Pump ft. Zhavia WardWelcome to the Party
73%
Harverd Dropout1 Week#72Lil Pump ft. Lil WayneBe Like Me
54%
Non-Album Single17 Weeks#28XXXTENTACION & Lil Pump ft. Maluma & Swae LeeArms Around You
50%
Harverd Dropout1 Week#83Lil PumpDrug Addicts
46%
Harverd Dropout2 Weeks#81Lil PumpButterfly Doors
42%
Harverd Dropout12 Weeks#24Lil PumpEsskeetit
38%
Dying to Live1 Week#88Kodak Black ft. Lil PumpGnarly
35%

Score Distribution

Percentile by Number Answered

Percent of People with Each Score

Your Score History

You have not taken this quiz